| 000 | 00676nam a2200217 a 4500 | ||
|---|---|---|---|
| 001 | 63772 | ||
| 003 | BD-RjUL | ||
| 005 | 20211209081230.0 | ||
| 008 | 170204s1959 nyu 000 0 eng | ||
| 035 | _a(BD-RjUL)63902 | ||
| 040 |
_aDLC _cOOxM _dBD-RjUL _beng |
||
| 041 | _aeng | ||
| 082 |
_223 _a920.042 _bNID 1959 |
||
| 100 | 1 |
_aNicolson, Harold, _d1886-1968. _9189303 |
|
| 245 | 1 | 4 |
_aThe development of English biography / _cby Harold Nicolson. |
| 260 |
_aNew York : _bHarcourt, Brace and Company, _cc1959 |
||
| 300 |
_a158 p. ; _c20 cm. |
||
| 650 | 0 |
_aBiography as a literary form. _9189304 |
|
| 650 | 0 |
_aEnglish literature _xHistory and criticism. _9185802 |
|
| 942 |
_2ddc _cBK |
||
| 999 |
_c63772 _d63772 |
||